000 01143nam a2200325 a 4500
001 000113757
003 CHAP
005 20220329144411.0
008 170914s2017 mx sm |||||||spa d
010 _a110218
011 _a111190
040 _cCHAP
090 _aTesis
100 1 _aAbarca Cervantes, Alma Delia.
_9133390
245 1 0 _aCambios celulares en hojas de aguacate con deficiencias de calcio
_h[En línea]
_cpor Alma Delia Abarca Cervantes.
260 _aChapingo, Méx. :
_bEl autor,
_c2017.
500 _aPara ver el contenido del material haga clic en la liga
502 _aTesis (Ing. Agrónomo Especialista en Suelos) -- UACH. Departamento de Suelos
590 _aBATCH-UPD
_b05
_c20170914
_lUCH01
_h1112
590 _aBATCH
_b00
_c20181121
_lUCH01
_h0758
590 _aE6339RRR
_b05
_c20170914
_lUCH01
_h1111
590 _aE6339RRR
_b05
_c20170914
_lUCH01
_h1128
650 1 4 _aCalcio
_xEfecto en aguacate.
_9133191
650 1 4 _aCalcio
_xEfecto en suelos.
_917338
856 _a1
_n0000002
856 _aFinding aid
_uhttp://10.13.5.2/tesis/sist113757.pdf
_zTeclea aquí
901 _aBK
942 _cTESIS
942 _n0
999 _c110218
_d110218